Microprocessors PC Hardware and Interfacing (Record no. 6048)
[ view plain ]
| 000 -LEADER | |
|---|---|
| fixed length control field | 00506 a2200157 4500 |
| 020 ## - INTERNATIONAL STANDARD BOOK NUMBER | |
| International Standard Book Number | 8120323173 |
| 040 ## - CATALOGING SOURCE | |
| Original cataloging agency | DLC |
| Language of cataloging | DLC |
| 082 ## - DEWEY DECIMAL CLASSIFICATION NUMBER | |
| Classification number | 005.26 |
| 100 ## - MAIN ENTRY--PERSONAL NAME | |
| Personal name | Mathivanan, N. |
| 245 ## - TITLE STATEMENT | |
| Title | Microprocessors PC Hardware and Interfacing |
| Statement of responsibility, etc. | N.Mathivanan |
| 260 ## - PUBLICATION, DISTRIBUTION, ETC. | |
| Place of publication, distribution, etc. | New Delhi : |
| Name of publisher, distributor, etc. | Prentice Hall of India Ltd., |
| Date of publication, distribution, etc. | c2003 |
| 300 ## - PHYSICAL DESCRIPTION | |
| Extent | xvi, 519 p.; |
| Other physical details | : ill. |
| Dimensions | 24 cm. |
| 500 ## - GENERAL NOTE | |
| General note | Includes Index |
| 650 ## - SUBJECT ADDED ENTRY--TOPICAL TERM | |
| Topical term or geographic name entry element | 1.Microprocessors--Programming.2.Microprocessors.3.Computer Interfaces. |
| 942 ## - ADDED ENTRY ELEMENTS (KOHA) | |
| Koha item type | Book |
| Call number prefix | 005.26 MAT |
| Source of classification or shelving scheme | |
| Withdrawn status | Lost status | Damaged status | Not for loan | Collection code | Permanent Location | Current Location | Shelving location | Date acquired | Source of acquisition | Cost, normal purchase price | Total Checkouts | Full call number | Barcode | Date last seen | Price effective from | Koha item type |
|---|---|---|---|---|---|---|---|---|---|---|---|---|---|---|---|---|
| Central Library (CL) | Central Library (CL) | First Floor - Software Engineering/ Programming Language | 05/17/2004 | Allied Book Company | 411.52 | 005.26 MAT | SEECS004466 | 11/14/2012 | 01/05/2017 | Book |
